| Tag |
First Indicator |
Second Indicator |
Subfields |
| LEADER |
00000cam a2200000 i 4500 |
| 001 |
in00000304875 |
| 005 |
20151010100245.0 |
| 008 |
780831s1977 dk a b 00110 eng |
| 010 |
|
|
|a 78360969
|
| 015 |
|
|
|a D77-49
|
| 020 |
|
|
|a 8787491141
|
| 035 |
|
|
|a (OCoLC)03612099
|
| 035 |
|
|
|9 ABH1404AM
|
| 040 |
|
|
|a DLC
|c DLC
|d TXA
|d UtOrBLW
|
| 049 |
|
|
|a TXAM
|c [1166376]
|
| 050 |
0 |
0 |
|a QL561.E4
|b T73
|
| 082 |
0 |
|
|a 595.7/81
|
| 100 |
1 |
|
|a Traugott-Olsen, E.
|
| 245 |
1 |
4 |
|a The Elachistidae (Lepidoptera) of Fennoscandia and Denmark /
|c by E. Traugott-Olsen & E. Schmidt Nielsen.
|
| 264 |
|
1 |
|a Klampenborg, Denmark :
|b Scandinavian Science Press,
|c 1977.
|
| 300 |
|
|
|a 299 pages :
|b illustrations ;
|c 21 cm.
|
| 336 |
|
|
|a text
|b txt
|2 rdacontent
|
| 337 |
|
|
|a unmediated
|b n
|2 rdamedia
|
| 338 |
|
|
|a volume
|b nc
|2 rdacarrier
|
| 490 |
1 |
|
|a Fauna entomologica Scandinavica,
|v v. 6
|
| 500 |
|
|
|a Includes indexes.
|
| 504 |
|
|
|a Bibliography: pages 286-293.
|
| 650 |
|
0 |
|a Elachistidae
|x Classification.
|
| 650 |
|
0 |
|a Insects
|v Classification.
|
| 650 |
|
0 |
|a Insects
|z Scandinavia.
|
| 700 |
1 |
|
|a Schmidt Nielsen, E.
|
| 830 |
|
0 |
|a Fauna entomologica Scandinavica ;
|v v. 6.
|
| 999 |
|
|
|a MARS
|
| 999 |
f |
f |
|s 30339745-e219-31e8-b499-2d0aef67a5f1
|i 135f1bc7-827c-34c6-8503-639093baac2f
|t 0
|
| 952 |
f |
f |
|p ric
|a Texas A&M University
|b Rellis Campus
|c Joint Library Facility
|d Remote Storage
|t 0
|e QL561.E4 T73
|h Library of Congress classification
|i unmediated -- volume
|m A14804951111
|
| 998 |
f |
f |
|a QL561.E4 T73
|t 0
|l Remote Storage
|